Länder nach Beschreibung - Statistiken

Allgemein
  • Dieses Quiz wurde 203 mal gespielt
  • Das Durchschnittsergebnis liegt bei 16 aus 18
Antwortstatistiken
Hint Antwort % Korrekt
Ist wie ein Stiefel geformt Italien
100%
Das Flächengrößte Land der Welt Russland
99%
Die Hauptstadt des Landes ist Kairo Ägypten
98%
Die Flagge des Landes ist weiß mit einem mittigen großen roten Kreis Japan
98%
Hat die größte Fläche an Regenwald Brasilien
97%
Grönland gehört zu diesem Land Dänemark
96%
Alaska gehört zu diesem Land USA
96%
Kleinste Land der Welt (nach Fläche) Vatikanstadt
96%
Nenne ein Land in dem der Mount Everest liegt Nepal/China
95%
Aus dem Land kommt „Bollywood“ Indien
92%
Das Land ist komplett von Südafrika umschlossen und beginnt mit L Lesotho
88%
Ist 2022 Fußballweltmeister geworden Argentinien
85%
In diesem Land steht der Uluru (Ayers Rock) Australien
84%
Das höchste Gebäude der Welt steht in diesem Land Vereinigte Arabische Emirate
82%
Einziges Land in Europa, dass mit T beginnt Tschechien
81%
Herr der Ringe ist dort zum größten Teil gedreht worden Neuseeland
66%
Ein Kindertrickfilm mit sprechenden Tieren ist nach dem Land benannt. Eine Hauptrolle ist ein Löwe Madagaskar
55%
Die Geschichte vom kleinen Tiger und vom kleinen Bär. Ach wie schön ist… Panama
46%
Keine übereinstimmenden Quizze gefunden
Verteilung der Resultate
Anzahl Personen mit jedem Resultat
Perzentil nach korrekt beantworteten Fragen
Ihre Resultats-Entwicklung
Sie haben dieses Quiz noch nicht gespielt